Nōmin ikki : tsuketari Oka-han zaisei keizai shiryō /

Saved in:
Bibliographic Details
Main Author: Kitamura, Kiyoshi.
Format: Book
Language:Japanese
Published: Ōita-ken Takeda-shi : Kitamura Kiyoshi, Shōwa 33 [1958]
Subjects:
Tags: Add Tag
No Tags, Be the first to tag this record!
LEADER 00878nam a2200241ua 4500
001 007767656-4
005 20024617122053.0
008 960227s1958 ja a 000 0 jpn d
035 0 |a ocm34369868 
040 |a NNC-EA  |c NNC-EA  |d *YNH*  |d CStRLIN 
100 1 |6 880-01  |a Kitamura, Kiyoshi. 
245 1 0 |6 880-02  |a Nōmin ikki :  |b tsuketari Oka-han zaisei keizai shiryō /  |c [Kitamura Kiyoshi]. 
260 |6 880-03  |a Ōita-ken Takeda-shi :  |b Kitamura Kiyoshi,  |c Shōwa 33 [1958] 
300 |a 194 p. :  |b ill. ;  |c 22 cm. 
500 |a Cover title. 
650 0 |a Peasant uprisings  |z Japan. 
651 0 |6 880-04  |a Oka-han (Japan) 
880 1 |6 100-01  |a 北村清士. 
880 1 0 |6 245-02  |a 農民一揆 :  |b 付岡藩財政経済史料 /  |c [北村清士]. 
880 |6 260-03  |a 大分県竹田市 :  |b 北村清士,  |c 昭和 33 [1958] 
880 0 |6 651-04  |a 岡藩 (Japan) 
988 |a 20021220 
906 |0 OCLC